Archivng Architectural Thesis 2017 (Record no. 8066)

000 -LEADER
fixed length control field 00324nam a22001337a 4500
003 - CONTROL NUMBER IDENTIFIER
control field OSt
005 - DATE AND TIME OF LATEST TRANSACTION
control field 20200704124149.0
008 - FIXED-LENGTH DATA ELEMENTS--GENERAL INFORMATION
fixed length control field 200704b ||||| |||| 00| 0 eng d
020 ## - INTERNATIONAL STANDARD BOOK NUMBER
International Standard Book Number 9789384204099
100 ## - MAIN ENTRY--PERSONAL NAME
Personal name COA
245 ## - TITLE STATEMENT
Title Archivng Architectural Thesis 2017
260 ## - PUBLICATION, DISTRIBUTION, ETC. (IMPRINT)
Place of publication, distribution, etc New Delhi
Name of publisher, distributor, etc Council of Architecture
942 ## - ADDED ENTRY ELEMENTS (KOHA)
Source of classification or shelving scheme
Holdings
Withdrawn status Lost status Source of classification or shelving scheme Damaged status Not for loan Permanent location Current location Date acquired Barcode Date last seen Price effective from Koha item type Total Checkouts Date last borrowed
          BMS College of Architecture, Design and Planning BMS College of Architecture, Design and Planning 2020-07-04 AR-UG1920 2020-07-04 2020-07-04 UG Books    
          BMS College of Architecture, Design and Planning BMS College of Architecture, Design and Planning 2020-07-04 AR-UG1921 2020-07-04 2020-07-04 UG Books    
          BMS College of Architecture, Design and Planning BMS College of Architecture, Design and Planning 2020-07-04 AR-UG1922 2023-08-22 2020-07-04 UG Books 2 2023-08-22
Copyright © 2025, The Librarian, Library and Information Centre, BMSCA D&P, Bengaluru. All Rights Reserved
web counter

Powered by Koha